000 00507nam a2200217Ia 4500
003 GCL
005 20240530100227.0
008 140319s9999 xx 000 0 eng d
040 _aGCL /
_cGCL
082 0 4 _a750.05/
_bG A
100 1 _aGIUNTI
245 1 0 _aArt Dossier /
_cGIUNTI
260 _a[S.N] :
_bGUINTI
300 _a11 Vol. :
_bill ;
_c30 cm.
490 _aArt Dossier
650 0 4 _aARTS
650 0 4 _aPAINTING
650 0 4 _aVAN GOGH
650 0 4 _aPAINTING - PERIODICALS
942 _2ddc
_cBK
999 _c15399
_d15399